| 000 | 00461 a2200169 4500 | ||
|---|---|---|---|
| 020 | _a0072899050 | ||
| 040 | _aDLC | ||
| 082 | 0 | 0 | _a511 |
| 100 | 1 | _aRosen, Kenneth H. | |
| 245 | 1 | 0 |
_aDiscrete mathematics and its applications _cKenneth H. Rosen. |
| 250 | _a4th ed. | ||
| 260 |
_aBoston : _bWCB/McGraw-Hill, _cc1999. |
||
| 300 |
_axxii, 678 p. : _bill. ; _c27 cm. |
||
| 650 | 0 | _aMathematics. | |
| 650 | 0 |
_aComputer science _xMathematics. |
|
| 942 |
_cBK _k511 ROS _2ddc |
||
| 999 |
_c4413 _d4413 |
||